000 00457nam a2200157 a 4500
001 000034194
005 20200930070845.0
008 110927s2002 000 spa d
040 _aDO-SdBNP
_bspa
_cBNPHU
082 _axxxx
_aR173c
100 1 _aRamírez, Wanda
_928246
245 1 4 _aLos comics..... un tema para reflexionar. /
_cWanda Ramírez.
260 _aSanto Domingo :
_bEditorial Valdez,
_c2002.
300 _a1999 :
_bil. ;
_c21 cm.
049 _aBNPD
999 _c33685
_d33685